Quizzes
Events
Quiz Creation
Community
Videos
Private Events
Remove Ads
Sign In
Join for FREE
Feedback
Dark Mode
Quiz Categories
Sports
Geography
Music
Movies
Television
Just For Fun
Miscellaneous
History
Literature
Language
Science
Gaming
Entertainment
Religion
Holiday
For Kids
Quiz Lab
Recent
Popular Today
Quiz Kudos Today
Editor Picks
Curator Picks
Quizzes by...
Day
Popularity
Type
Ratings
Length
Year
Community
Subscriptions
Recent Discussions
Orange Saloon
Badges
Playlists
Quests
Create
Leaderboards
Showdown
Live 5
Trivia Bingo
Activity
Puzzle Library
Sporcle Events
Private Events
Virtual Trivia
Globe League
Become a Host
Pub Owners
SporcleCon
Opinionation
Our Games
Videos
Blog
Mobile Apps
Partnerships
Remove Ads and Go Orange
Feedback
Miscellaneous
Crossword
General Knowledge
Baby Names
Logo
Food
Cars
Numbers
Grab Bag
University
College
Popular
Company
Slogans
Restaurants
Justice
Letter
Miscellaneous
Crossword
General Knowledge
Baby Names
Logo
Food
Cars
Numbers
Grab Bag
University
College
Popular
Company
Slogans
Restaurants
Justice
Letter
Random Quiz
Search Sporcle
×
Quiz Lab
Quiz Lab
Miscellaneous
Numbers
Type in answers that appear in a list
Type in answers that appear in a list
Classic
Best Score? Go Orange.
Whats the number? Stats
Can you name the number?
By
joehs
60s
20 Questions
154 Plays
154 Plays
154 Plays
Comments
Comments
Give Quiz Kudos
Give Quiz Kudos
-
- Ratings
hide this ad
Forced Order
Answers have to be entered in order
Answers have to be entered in order
Replay
Link that replays current quiz
Next Quiz
Link to next quiz in quiz playlist
You Got
0%
They Got
Avg Score
61%
Avg Friend Score
Upgrade to see
Score Distribution
Jump to the score distribution portion of the page
Score
0/20
Timer
01:00
0
Plays Today
Clue's
Number
% Correct
How many states in America?
50
96.1%
How many spice girls are there?
5
95.5%
How many continents are there?
7
95.5%
How many dwarves does snow white feel comfortable around?
7
79.2%
How many strikes and you're out?
3
78.6%
How many's company?
2
74.7%
How many's a crowd?
3
74%
How many questions in this quiz?
20
73.4%
How old was John Lennon when he was murdered?
40
70.1%
Quick phone the police! (US)
911
69.5%
Clue's
Number
% Correct
What is the magic number?
3
67.5%
How many times has a pope been to Scotland?
1
66.9%
How many gold medals has Tony Blair won in the olympics?
0
54.5%
How many people have landed on the moon?
12
46.1%
How many times was 50 Cent shot?
9
44.2%
How many million bicycles in Beijing? (According to Katie Melua)
9
42.9%
Quick phone the police! (UK)
999
33.1%
How many teeth does a hippopotamus have?
36
26%
What is the number equivalent to two fat ladies? (Bingo)
88
20.1%
How many lives does a cat have?
9
10.4%
Quiz Playlist
Details
Report
Send in Message
Add To Playlist
Classic:
Type in answers that appear in a list
Forced Order:
Answers have to be entered in order
Last Updated: Feb 16, 2017
Quiz Scoreboard
CHALLENGE
Sign Up to Join the Scoreboard
Show All
Scores
Hide
Comments
May contain spoilers
Recently Published
Pick 6: Fruits
by JohnFran
Miscellaneous
15s
Click the 1999 NBA Draft
by nibperrychub
Sports
2m
Alphabetical 'K' Countries by Flag Minefield
by ylime102
Geography
3m
More to Explore
Quiz From the Vault
Featured Blog Post
15 Basketball Trivia Facts You Can Be March Mad About
hide this ad
You Might Also Like...
Tags
Numbers Quiz
999
How Many
John Lennon
Today's Top Quizzes in Miscellaneous
Browse Miscellaneous
hide this ad
Today's Top Quizzes in Numbers
Browse Numbers
Top Contributed Quizzes in Miscellaneous
1
Spring Months consonants
2
Pick 6: Vegetables
3
Pick 6: Supreme Pizza
4
Four Seasons
5
Guess the 'S' Things in 3 Words
6
Pick 6: University Mascots
7
The JOE quick-fire general knowledge quiz: Day 166
8
Sporcle Acrostic Puzzle XXXV
9
Guess the 'T' Things in 3 Words
10
Guess the 'V' Things in 3 Words
Explore More
Trending Topics
Anime
Kpop
NBA
Marvel
Disney
Crossword
Harry Potter
Song
Puzzle
The Office
NFL
Country
Pokémon
Soccer
WWE
hide this ad
More By:
joehs
Quiz
Plays
Rating
Category
Featured
Created
Vowel-less Movie Titles VI
29,406
4.14
Movies
Dec 22, 2010
Simpsons Quotes - Who said that?!
578
3.00
Television
Jan 15, 2011
Reading Festival Headliners (2000's)
217
Music
Jan 15, 2011
TV Show by Location
182
3.00
Television
Dec 29, 2010
MP's Expenses Scandal UK
178
5.00
Miscellaneous
Jan 19, 2011
Go to Creator's Profile
Score Distribution
Quiz Creator Spotlight
joehs
Follow
Send a Message
Quizzes Created
-
Created Quiz Play Count
-
More By This Creator
Popular Quizzes Today
1
Find the US States - No Outlines Minefield
2
Countries of Asia Without Outlines Minefield
3
Pick 6: Fruits
4
The Countries of the World
5
Alphabetical 'K' Countries by Flag Minefield
6
Find the US States
7
Match the Book to the Film X
8
Click the 1999 NBA Draft
More Miscellaneous Quizzes
Mythology in Media: Dragon
Editor's Pick
Trending Quizzes
Pick 6: Harry Potter
Pick 6: Mountains
Pick 6: NFL Teams
Pick 6: Movie Franchises
Pick 6: Golfers
Recently Updated
Women's Final Four Teams by Year
bhenderson79
Presidents Quartet II
eogle
Anything But Clue(do)
eogle
Anything But Oceanian Capitals
eogle
Anything But 7
eogle
Anything But Thing
eogle
Word Ladder: February 29
pecheneg
Song Title Questions
pecheneg
Women's NCAA Tournament #1 Seeds
pecheneg
Celebrity Mug Shots
pecheneg
Trending Topics
Anime
Harry Potter
Disney
Kpop
NBA
Marvel
Crossword
Song
Country
The Office
NFL
Pokémon
Soccer
Puzzle
WWE
Your Account Isn't Verified!
In order to create a playlist on Sporcle, you need to verify the email address you used during registration. Go to your
Sporcle Settings
to finish the process.
Report this User
Report this user for behavior that violates our
Community Guidelines
.
Details:
Send Report
Go to the Sporcle.com Mobile Site →
Comments